How Much Square Footage You Can Get With $1 Mill. in Major US Cities? - Statistics

General Stats
  • This quiz has been taken 18 times
  • The average score is 8 of 15
Answer Stats
City Median list price per sq ft Approx. # of sq ft you can get with $1 M % Correct
Detroit $45 22,222 sq ft
80%
Oklahoma City $119 8,403
73%
Columbus $128 7,813
67%
Kansas City $120 8,333
67%
Memphis $56 17,857 sq ft
67%
El Paso $104 9,615
60%
Indianapolis $101 9,901 sq ft
60%
Louisville $118 8,475
60%
Omaha $118 8,475
60%
Tulsa $105 9,524
60%
San Antonio $127 7,874
53%
Jacksonville $128 7,813
47%
Milwaukee $92 10,870 sq ft
47%
Fort Worth $129 7,752
13%
Arlington $129 7,752
7%
No matching quizzes found
Score Distribution
Percent of People with Each Score
Percentile by Number Answered
Your Score History
You have not taken this quiz